Brawl Stars: Legends of Olympus Skins by Picture - Statistics

General Stats
  • This quiz has been taken 33 times
  • The average score is 9 of 12
Answer Stats
Picture Answer % Correct
Athena Piper
96%
Ares Nani
92%
Cerberus Tick
88%
Medusa Emz
80%
Harpy Melodie
76%
Hermes Max
76%
Minotaur Bull
76%
Zeus Brock
76%
Dionysus Angelo
72%
Gladiator Colette
72%
Caesar Sam
68%
Poseidon R-T
68%
No matching quizzes found
Score Distribution
Percent of People with Each Score
Percentile by Number Answered
Your Score History
You have not taken this quiz